|
|
|
|
| LEADER |
01306ppm a22002778a 4500 |
| 001 |
00027029 |
| 005 |
20171026081023.0 |
| 008 |
110927s2008 ||||||viesd |
| 041 |
0 |
# |
|a vie
|
| 082 |
1 |
4 |
|b Đ113Đ
|a 895.922 300 9
|
| 100 |
1 |
# |
|a Trương, Văn Tuấn
|
| 245 |
1 |
0 |
|a Đặc điểm từ ngữ trong tạp văn Nguyễn Ngọc Tư (khảo sát qua tập Ngày mai của những ngày mai)
|b Khóa luận tốt nghiệp : Ngành Sư phạm Ngữ văn: Trình độ : Đại học
|c Trương Văn Tuấn ; Trần Thanh Vân hướng dẫn
|
| 260 |
# |
# |
|a Đồng Tháp
|b Trường Đại học Sư phạm Đồng Tháp
|c 2008
|
| 300 |
# |
# |
|a 67 tr.
|c 30 cm.
|b bảng
|
| 500 |
# |
# |
|a ĐTTTS ghi: Bộ Giáo dục và Đào tạo. Trường Đại học Sư phạm Đồng Tháp
|
| 502 |
# |
# |
|a Thư mục : tr.66 - 67
|
| 600 |
1 |
4 |
|a Nguyễn, Ngọc Tư
|
| 650 |
|
|
|a Nghiên cứu văn học
|z Việt Nam
|
| 653 |
# |
# |
|a Từ ngữ
|
| 700 |
1 |
# |
|a Trần, Thanh Vân
|e hướng dẫn
|
| 852 |
# |
# |
|b Kho đọc
|j KD.0011625, KD.0013999
|
| 852 |
# |
# |
|j KD.0011625
|j KD.0013999
|
| 910 |
# |
# |
|a Ntuyet
|d 27/09/2011
|
| 980 |
# |
# |
|a Trung tâm Học liệu Lê Vũ Hùng, Trường Đại học Đồng Tháp
|